Statistics for Pittsburgh Penguins 2013-2014 roster

Click here to take the quiz!

General Stats

  • This quiz has been taken 301 times
  • The average score is 11 of 27

Answer Stats

HintAnswer% Correct
87Sidney Crosby
98%
71Evgeni Malkin
97%
58Kris Letang
90%
29Marc-Andre Fleury
87%
14Chris Kunitz
70%
9Pascal Dupuis
58%
44Brooks Orpik
55%
18James Neal
54%
2Matt Niskanen
44%
3Olli Maatta
42%
7Paul Martin
40%
16Brandon Sutter
37%
27Craig Adams
37%
92Tomas Vokoun
36%
4Rob Scuderi
32%
19Beau Bennett
31%
36Jussi Jokinen
31%
47Simon Despres
24%
41Robert Bortuzzo
22%
5Deryk Engelland
21%
57Marcel Goc
20%
37Jeff Zatkoff
19%
46Joe Vitale
18%
15Tanner Glass
18%
22Lee Stempniak
12%
17Taylor Pyatt
9%
23Chris Conner
8%

Score Distribution

Percentile by Number Answered

Percent of People with Each Score

Your Score History

You have not taken this quiz